Miasta w Meksyku - quiz na mapie - Statystyki

Ogólne statystyki
  • Ten quiz został rozwiązany 674 razy
  • Średni wynik to 7 z 14
Odpowiedzi na mapie
Odpowiedzi zakodowano w zielono-czerwonej skali na mapie do tego quizu, zgodnie z poniższymi procentami.
 
Statystyki odpowiedzi
Odpowiedź % Poprawnych
Meksyk
91%
Tijuana
62%
Guadalajara
60%
Cancun
58%
Monterrey
55%
Acapulco
52%
Chihuahua
52%
Juarez
48%
Cabo San Lucas
42%
Mérida
42%
Oaxaca
42%
San Luis Potosí
30%
Tampico
27%
Guaymas
23%
Nie znaleziono quizów pasujących do podanych kryteriów
Rozkład punktacji
Procent ludzi z każdym wynikiem
Percentyl według liczby udzielonych odpowiedzi
Twoja historia wyników
Nie rozwiązałeś tego quizu